00480nam a22001577a 4500020001800000040000900018082001500027100002500042245002400067250001700091260004700108650003200155942001200187999001900199952010400218 a9780471055846 cNust a519.5bCHA aWarren Chase9125263 aGeneral statistics  a3rd Edition  aNew York:bJohn Wiley and sons Inc,c1997. aGeneral statistics 9125264 2ddccBK c611026d611026 00102ddc4070aCEMEbCEMEcGENd2024-08-21l0o519.5 CHApCEME- 35034r2024-08-21w2024-08-21yBK